Simbad : (Record no. 11826)

000 -CABECERA
fixed length control field 00702nam a22002297a 4500
003 - IDENTIFICADOR DEL NÚMERO DE CONTROL
control field AR-CdUCM
008 - DATOS DE LONGITUD FIJA--INFORMACIÓN GENERAL
fixed length control field 190405b ||||| |||| 00| 0 spa d
020 ## - NÚMERO INTERNACIONAL ESTÁNDAR DEL LIBRO
ISBN 9972-764-19-2
040 ## - FUENTE DE LA CATALOGACIÓN
Agencia/entidad que catalogó originalmente la obra MUNICIPALIDAD PROVINCIAL DEL CUSCO
Entidad que transcribió la catalogación BIBLIOTECA MUNICIPAL DEL CUSCO
082 ## - NÚMERO DE LA CLASIFICACIÓN DECIMAL DEWEY
No. de Clasificación PI / 808.83 /
Notacion interna SI56
110 ## - ENTRADA PRINCIPAL--NOMBRE DE ENTIDAD CORPORATIVA
Nombre de la institución, jurisdicción como entrada principal Corporación gráfica navarrete.
9 (RLIN) 28585
245 ## - MENCIÓN DE TÍTULO
Título Simbad :
Resto del título El marino /
260 ## - PUBLICACIÓN, DISTRIBUCIÓN, ETC.
Lugar de publicación, distribución, etc. Perú :
Nombre de la editorial, distribuidor, etc. Corporación gráfica navarrete,
Fecha de publicación, distribución, etc. 1999.
300 ## - DESCRIPCIÓN FÍSICA
Dimensiones 17 cm.
440 ## - MENCIÓN DE SERIE/PUNTO DE ACCESO ADICIONAL--TÍTULO
Título Colección ruiseñor.
9 (RLIN) 29353
505 ## - NOTA DE CONTENIDO CON FORMATO
Nota de contenido formateada Contenido :Simbad, el marino.
650 ## - PUNTO DE ACCESO ADICIONAL DE MATERIA--TÉRMINO DE MATERIA
Descriptor Cuentos
9 (RLIN) 217
650 ## - PUNTO DE ACCESO ADICIONAL DE MATERIA--TÉRMINO DE MATERIA
Descriptor Historietas
9 (RLIN) 10786
942 ## - ELEMENTOS DE PUNTO DE ACCESO ADICIONAL (KOHA)
Fuente de clasificación
Tipo de item Libros-BMC
945 ## - PROCESAMIENTO DE INFORMACIÓN LOCAL (OCLC)
Catalogador rum
Holdings
Estado de retiro (separado) Fuente de clasificación o esquema de estanterías Estado dañado Ubicación Sala donde se ubica Nombre de la colección Fecha de adquisición o compra Costo, precio normal en soles Signatura topográfica Código de Barras Última vez visto (Koha) Tipo de ítem (Koha)
No     Sala de Infantes Sala de Infantes Children's Area 2019-04-05 10.00 PI / 808.83 / SI56 SI00001293 2019-04-05 Libros-BMC
No     Sala de Infantes Sala de Infantes Children's Area 2019-04-05 10.00 PI / 808.83 / SI56 / e.2 SI00001615 2019-04-09 Libros-BMC
No     Sala de Infantes Sala de Infantes Children's Area 2019-04-09 10.00 PI / 808.83 / SI56 / e.3 SI00001616 2019-04-09 Libros-BMC
No     Sala de Infantes Sala de Infantes Children's Area 2019-04-09 10.00 PI / 808.83 / SI56 / e.4 SI00001617 2019-04-09 Libros-BMC
No     Sala de Infantes Sala de Infantes Children's Area 2019-04-09 10.00 PI / 808.83 / SI56 / e.5 SI00001618 2019-04-09 Libros-BMC
No     Sala de Infantes Sala de Infantes Children's Area 2019-04-09 10.00 PI / 808.83 / SI56 / e.6 SI00001619 2019-04-09 Libros-BMC
No     Sala de Infantes Sala de Infantes Children's Area 2019-04-25 10.00 PI / 808.83 / SI56 / e.7 SI00003330 2019-04-25 Libros-BMC

Powered by Koha